Limiting liability (Record no. 78232)
[ view plain ]
| 000 -LEADER | |
|---|---|
| fixed length control field | 00914cab a2200181 4500 |
| 001 - CONTROL NUMBER | |
| control field | ##L136287 |
| 008 - FIXED-LENGTH DATA ELEMENTS--GENERAL INFORMATION | |
| fixed length control field | 070123n2006 000 0 eng u |
| 035 ## - SYSTEM CONTROL NUMBER | |
| System control number | (Sirsi) u136287 |
| 041 0# - LANGUAGE CODE | |
| Language code of text/sound track or separate title | eng |
| 100 1# - MAIN ENTRY--PERSONAL NAME | |
| Personal name | Wilson, Sarah |
| 245 00 - TITLE STATEMENT | |
| Title | Limiting liability |
| 260 ## - PUBLICATION, DISTRIBUTION, ETC. | |
| Date of publication, distribution, etc. | 2006 |
| 490 #0 - SERIES STATEMENT | |
| Series statement | Journal of Building Appraisal |
| Volume/sequential designation | 2(3) September 2006, 183-187(5) |
| 520 ## - SUMMARY, ETC. | |
| Summary, etc. | This paper gives an outline of the new regime of Limited Liability Partnerships (LLP) in the context of the construction industry, to demonstrate factors to be taken into account when deciding which business vehicle is best suited to them, whether a partnership, an LLP or a limited company. It focuses on introducing LLPs and the liability that comes with them as well as the consequences to those contracting with them. [Taken from journal abstract]. |
| 651 #4 - SUBJECT ADDED ENTRY--GEOGRAPHIC NAME | |
| Geographic name | United Kingdom |
| Chronological subdivision | |
| 690 ## - LOCAL SUBJECT ADDED ENTRY--TOPICAL TERM (OCLC, RLIN) | |
| Topical term or geographic name as entry element | MANAGEMENT-BUSINESS MANAGEMENT |
| 942 ## - ADDED ENTRY ELEMENTS (KOHA) | |
| Suppress in OPAC | 0 |
| Withdrawn status | Lost status | Source of classification or shelving scheme | Damaged status | Not for loan | Home library | Current library | Shelving location | Date acquired | Total Checkouts | Full call number | Barcode | Date last seen | Copy number | Price effective from | Koha item type |
|---|---|---|---|---|---|---|---|---|---|---|---|---|---|---|---|
| Dewey Decimal Classification | London | London | Journal article | 23/01/2007 | L136287 | 136287-1001 | 06/08/2019 | 1 | 06/08/2019 | Journal article |